[Event "GMA"]
[Site "Wijk aan Zee NED"]
[Date "2004.01.19"]
[Round "8"]
[White "Adams,Mi"]
[Black "Kramnik,V"]
[Result "1-0"]
[WhiteElo "2720"]
[BlackElo "2777"]
[EventDate "2004.01.10"]
[Annotator "Henderson"]

1 e4 c5 2 Nf3 d6 3 d4 cxd4 4 Nxd4 Nf6 5 Nc3 a6 6 Be3 e6 
{For Adams this came as a bit of a surprise} 
7 Be2 Be7 8 a4 Nc6 9 O-O O-O 10 f4 Qc7 11 Kh1 Re8 12 Bf3 Rb8 13 Qe1 
(13 g4 {This is certainly the most critical move, but Adams could not remember all the important lines and decided to deviate.} )
13 ..e5 
{This is the normal response to Qe1 }
14 Nde2 
(14 Nb3) 
14 ..exf4 
(14 ..Be6 15 f5 Bc4 16 b3 Bxe2 17 Bxe2 Nd4 {and black is probably fine.} )
15 Nxf4 Be6 16 Bh5 
{Quite an unusual move. More normal is 16 Be2, but the idea is to take on e6 and win an exchange and that trading the bad bishop (especially if white plays Nd5, Nxd5 exd5 some day) is not such a bad idea.}
16 ..Nxh5 
(16 ..Rf8 17 Be2 {is also a normal continuation.} )
17 Nxh5 Qa5 18 Nf4 Bc4 19 Nd3 
({Adams thought this was forced as the rook has no good squares:} 19 Rf3 Ne5)(19 Rf2 Bh4)(19 Nfd5 {This move was missed by Adams, but it is not better than the game continuation} 19 ..Bxd5 $10 (19 ..Qd8 20 Rf5) ) 
19 ..Qd8 
{with the annoying idea of Bh4 after e.g. 20.Qf2} 
20 b3 Bxd3 21 cxd3 Bf6 22 Rc1 $1 
({White has to play accurately to keep the position balanced} 
22 Rd1 $6 Bxc3 23 Qxc3 d5 
{and black is better} )
22 ..Nb4 
(22 ..Bxc3 $2 {Now this is not so good:} 23 Rxc3 d5 24 Qg3 d4 (24 ..Re6 $2 25 exd5 Qxd5 26 Rxc6) 25 Bh6) 
23 Qd2 d5 24 Bc5 
{The only move for white, and now the critical position of the game has arisen }
24 ..Bg5 $2 
({Here Kramnik chooses a very complicated line in which he missed an important finesse. Adams saw two lines that he thought were ok for black:} 24 ..Bxc3 25 Rxc3 Nc6 26 Qf4 Qd7 ({This is the other line that Adams saw:} 26 ..f6 27 Bd6 d4 {and black is ok, so this is what Kramnik should have played}) 27 Bd6 Rbd8 28 exd5 Qxd6 29 Qxf7+ Kh8 30 dxc6 Rf8 {and Adams thought black is ok, but in the analysis room he discovered that 31 c7 wins for white!}) 
25 Qf2 Nxd3 
(25 ..Bxc1 26 Bxb4 Bg5 27 Qxf7+ Kh8 28 Nxd5 {and white has excellent winning chances} )
26 Qxf7+ Kh8 27 Bd4 Bh6 
(27 ..Rg8 28 Rcd1 dxe4 29 Nxe4 $18 )
28 Rcd1 dxe4 29 Ba7 $1 
{Adams explained that this is what Kramnik had missed when he entered these complications. Any other move by white would give black the advantage. }
29 ..Re7 
({Maybe it was better for black to go for the endgame, although after} 29 ..Rf8 30 Qxf8+ Qxf8 31 Rxf8+ Rxf8 32 Nxe4 Ne5 33 g3 g6 34 Nd6 {his troubles are not over; Also not good for black is:})( 29 ..Ra8 30 Nxe4 Rxe4 31 Rxd3 {and black's back rank problems will be decisive} )
30 Qf5 Ra8 
(30 ..g6 31 Qh3) 
31 Nxe4 Rd7 32 Bb6 Qe8 
(32 ..Qe7 33 Nc5 Rd6 34 Nxd3 Rxb6 35 Rde1 {with the follow-up of Ne5 winning.} )
33 a5 $1 
({Less clear is:} 33 Rf3 g6 (33 ..Ne5 34 Rxd7 Nxd7 35 Nd6) 34 Qh3 Ne5 35 Rxd7 Nxd7 {and maybe black can hang on} )
33 ..Kg8 34 Qg4 Kh8 35 Rf8+ Qxf8 36 Qxd7 Ne5 37 Qxb7 g6 38 h3 Bg7 39 Nd6 h5 40 b4 Qg8 41 Bc5 Qb8 $2 
({This loses directly - however by now Kramnik is in dire straights. His only option of delaying the inevitable was} 41 ..Kh7 {and black can struggle on for a few more moves} )
42 Qe4 Kh7 43 Rd5 
{and if the knight moves, Rxh5+ is decisive. }
1-0

[Event "GMA"]
[Site "Wijk aan Zee NED"]
[Date "2004.01.19"]
[Round "8"]
[White "Anand,V"]
[Black "Bareev,E"]
[Result "1-0"]
[WhiteElo "2766"]
[BlackElo "2714"]
[EventDate "2004.01.10"]
[Annotator "Henderson"]

1 e4 e6 
{After his previous shocking results with the French, Bareev sat with his head in his hands before replying, contemplating his options. The omens didn't look good for the Russian, however. After about a minute he picked up the e-pawn and before it got to e6 it had slipped out of his hand and noisily rolled across the board! }
2 d4 d5 3 Nc3 Nf6 4 Bg5 dxe4 5 Nxe4 Be7 6 Bxf6 Bxf6 7 Nf3 O-O 8 Qd2 Nd7 9 O-O-O Be7 10 Bd3 b6 11 h4 Bb7 12 Neg5 Nf6 13 c3 Bxf3 14 gxf3 c5 15 dxc5 Qc7 16 Kb1 bxc5 17 Rdg1 Rfd8 18 Qc2 h6 19 Bh7+ Kf8 20 Nxf7 
{Now the fireworks begin! }
20 ..Kxf7 21 Qg6+ Kf8 22 Qxg7+ Ke8 23 Re1 
(23 Bc2 $1 {offered better prospects according to Anand.} )
23 ..Rd6 24 Qh8+ Bf8 25 Bg6+ Ke7 26 Rhg1 Rb6 27 Bf5 Kf7 $2 
({After the game, Anand explained that this was the critical moment. There was a rather "messy" line for black with: }
27 ..Qf4 $1 28 Rg7+ Kd6 29 Rxe6+ Kd5 30 Rd7+ ({ or even} 30 c4+ ) 30 ..Nxd7 31 c4+ Qxc4 (31 ..Kxc4 $2 32 Re4+ Qxe4+ 33 fxe4) 32 Qg8 Rxb2+ 33 Kxb2 Bg7+ (33 ..Rb8+ $2 34 Rb6+ $1) (33 ..Qb4+ 34 Kc2 Qc4+ 35 Kd1 Qd4+ 36 Ke2 {and the king escapes to safety on the kingside.}) 34 Re5+ Kxe5 35 Qxc4 Kxf5+ {and after the storm has settled, black has a small material advantage, but it will be a draw due to the king never being able to find shelter from the many queen checks. However, Anand felt sure that Bareev [which he confirmed after the game] was expecting a repetition here with Bg6+ and Bf5, so balked at the idea of playing the messy line in preference for an easy life. He was in for a shock...} )
28 Bg6+ Ke7 29 Bc2 $1 Kf7 
(29 ..Qf4 30 Rg7+ $1 Bxg7 31 Qxg7+ Kd6 32 Qf7 $1 Re8 33 Rd1+ Kc6 34 Be4+ Kb5 35 c4+ Ka6 (35 ..Kxc4 36 Bd3+ Kd5 (36 ..Kb4 37 Qxa7 $1 {soon mates.}) 37 Bb5+) 36 Rd3 $1 $18)
30 Rg6 Qf4 31 Reg1 e5 32 Rg7+ Ke6 33 R1g6 Rab8 34 Qg8+ Kd6 35 Rxf6+ Qxf6 36 Rg6 Kc7 37 Rxf6 Rxf6 38 Qh7+ Kb6 39 Be4 Rd6 40 h5 a6 41 Qf7 Rd2 42 a3 Rd1+ 43 Kc2 Rd6 44 b4 cxb4 45 axb4 Rdd8 46 Qe6+ Rd6 47 Qc4 Rf6 48 Qd5 
1-0

[Event "GMA"]
[Site "Wijk aan Zee NED"]
[Date "2004.01.20"]
[Round "9"]
[White "Shirov,A"]
[Black "Sokolov,I"]
[Result "1-0"]
[WhiteElo "2736"]
[BlackElo "2706"]
[EventDate "2004.01.10"]
[Annotator "Henderson"]

1 e4 e5 2 Nf3 Nc6 3 Bb5 a6 4 Ba4 d6 5 O-O Bg4 6 h3 h5 7 Bxc6+ bxc6 8 d4 Qf6 
({This is an old line that has been played a couple of times in the last few years. The modern line is:} 8 ..Bxf3 9 Qxf3 exd4) 
9 Nbd2 Be6 
{quite a surprise for Shirov, he expected either g7-g5 or Ne7} 
10 Nb3 
({Preventing any ideas g7-g5.} 10 c3 g5 11 Qa4 Ne7 12 dxe5 dxe5 13 Nc4 Bxc4 14 Qxc4 Bh6 {and with g5-g4 coming, black is probably more than ok here} )
10 ..Qg6 11 Ng5 
({Threatens to exchange on e6 which would give white a clear edge} 11 Qd3 f6 {and black is fine} (11 ..Bxh3 12 Nh4 $1) )
11 ..Bd7 
(11 ..Bc4 12 Re1 Be7 13 Na5 $1 ( 13 Nf3 f6 {and black is ok}) 13 ..Bxg5 14 Nxc4 Bxc1 15 Rxc1 f6 {and white is better due to the development and state of black's queenside pawns.} )
12 dxe5 $1 
{Being better developed, white rightly seeks to open as many lines as possible. }
12 ..dxe5 13 f4 exf4 14 Bxf4 Be7 $2 
({The decisive mistake. Black's only option was:} 14 ..f6 15 Nf3 Bxh3 16 Nh4 Qg4 17 Qxg4 Bxg4 18 Ng6 Rh7 19 Bxc7 {with white having a small advantage.} )
15 Qd2 
{Now white has a big advantage} 
15 ..Rd8 
(15 ..f6 {is one move too late - and with the extra tempo compared to the previous note. White now wins by:} 16 Rad1 Rd8 17 Bxc7 Qxg5 18 Qd3 $1 Bxh3 19 Qxh3 $18 )
16 Nxf7 $1 
{As Shirov put it: "No need to calculate everything, with two pawns and a rook for the two light pieces white is, materially speaking, fine and still far ahead in development." }
16 ..Qxf7 17 Bxc7 Qe6 ( 17 ..Nf6 18 Bxd8 Bxd8 19 e5 $18 )
18 Bxd8 
({an interesting alternative calculated by Shirov was:} 18 Nd4 Qc4 19 b3 Qc5 20 Bxd8 (20 e5 Rc8 21 Bd6 Bxd6 22 exd6 Nf6 {and black is ok}) 20 ..Bxd8 21 e5 Bb6 22 c3 Ne7 {and white is much better but it is less clear than in the game} )
18 ..Bxd8 19 Kh1 $1 
({Less clear is:} 19 Nc5 Bb6 20 Qb4 Ba7 (20 ..Bxc5+ 21 Qxc5) 21 Kh1 Qd6 22 Nxa6 Qxb4 23 Nxb4 Nf6 24 e5 (24 Rae1 h4 { with Nh5 coming and a very unclear position}) 24 ..Ne4 {and suddenly black has some serious threats} )
19 ..Nf6 $6 
({Granted a difficult position for Sokolov, however he could have put up greater resistance with:} 19 ..Be7 20 Rad1 Nf6 21 e5 Ne4 22 Qe3 Qg6 {this may be much better than in the game, however white still holds an obvious advantage. })
20 Nc5 Qe7 21 Rad1 Bc8 
({the alternatives fair no better:} 21 ..Qxc5 22 Rxf6 $1 Bxf6 23 Qxd7+ Kf8 24 Qc8+ $18)(21 ..Bb6 22 e5 Nd5 23 Nxd7 Qxd7 24 c4 $18)
22 e5 Nd5 23 Ne4 Qxe5 
(23 ..Bc7 24 Nd6+ $1 Bxd6 25 exd6 Qxd6 26 c4 $18 )
24 Rde1 Be7 25 c4 Bb4 26 Nc3 
1-0

[Event "GMA"]
[Site "Wijk aan Zee NED"]
[Date "2004.01.20"]
[Round "9"]
[White "Kramnik,V"]
[Black "Anand,V"]
[Result "1/2-1/2"]
[WhiteElo "2777"]
[BlackElo "2766"]
[EventDate "2004.01.10"]
[Annotator "Henderson"]

{The highlight of the day was the crunch encounter between top-seeds Vladimir Kramnik and Vishy Anand - which despite the result was anything but a dull draw! The notes to this game are taken from their highly-animated post mortem after the game and Kramnik's rather enlightening comments in the press room afterwards. }
1 e4 c5 2 Nf3 d6 3 d4 cxd4 4 Nxd4 Nf6 5 Nc3 a6 6 Be2 e5 7 Nb3 Be7 8 Bg5 
{A new, old idea that Kramnik has studied of late and feels is worth investigating further. }
8 ..Be6 
(8 ..Nbd7 {blocks the c8-bishop and is less precise} 9 a4 b6 10 Bc4 Bb7 11 Qe2 O-O 12 O-O Qc7 13 Rfd1 h6 14 Bxf6 Nxf6 15 Nd5 Nxd5 16 Bxd5 Bxd5 17 Rxd5 b5 18 c3 Qc4 19 Qc2 Rfb8 20 Nd2 Qc6 21 a5 Rc8 22 Qd3 Rab8 23 g3 Qb7 24 Nf1 Rc4 25 b3 Rc6 26 Ne3 g6 27 h4 h5 28 Qd2 Bf8 29 Nc2 Rc5 30 Nb4 Rbc8 31 Rd3 Kh7 32 Nd5 Bh6 33 Qd1 Rf8 34 Nf6+ Kg7 35 Qf3 b4 36 cxb4 Qxb4 37 Nd7 f5 38 Nxf8 Kxf8 39 Rxd6 
{1-0, Kramnik-Gelfand, Cap Dagde 2003} )
9 Bxf6 
{This was the last chance to take on f6; otherwise after ...Nbd7 black takes back on f6 with the knight and keeps control over d5. }
9 ..Bxf6 
{Now black gets quite a good Svesnikov structure, so white has to play with a concrete plan, which is to put pressure on pawn d6. }
10 Qd3 Nc6 11 O-O-O Be7 
({The obvious 11 ..Nd4 has a major drawback:} 11 ..Nd4 12 Nxd4 exd4 13 Nd5 Bxd5 14 exd5 O-O 15 Qf3 Re8 16 Bd3 {and white has the advantage because of the better bishop.} )
12 Kb1 O-O 13 Nd5 
{White threatens to take on e7 and win pawn d6. }
13 ..Bg5 14 h4 $1 
({An interesting pawn sacrifice. The slow alternative is:} 14 g3 a5 $1 15 a4 Nb4 16 Nxb4 axb4 {and black gets counterplay})
14 ..Bxh4 
({Before Anand played 13...,Bg5, he had already decided he was taking pawn despite the risks involved in opening up an attack on his king. Therefore, there was no time for retreat:} 14 ..Bh6 15 g4 {and white gets a dangerous attack} )
15 g3 Bf6 
({An alternative is:} 15 ..Be7 {but this does not prevent white's f4} 16 f4 h6 {and white's attack is rolling.} )
16 Qf3 Bg5 $1 
({A timely resource that takes advantage of the fact that white cannot play f4. Without this, Kramnik demonstrated, black seriously risked being mated:} 16 ..Rc8 $2 17 Rxh7 $1 Kxh7 18 Qh5+ Kg8 19 Rh1 Bh4 20 Rxh4 f5 21 Qh7+ Kf7 22 Bh5#)
({Not good is:} 16 ..Bxd5 $2 17 exd5 Nd4 18 Nxd4 exd4 19 Rxh7 Kxh7 20 Qh5+ Kg8 21 Rh1 Bh4 22 Rxh4 f5 23 Qh7+ Kf7 24 Bh5+ Kf6 25 Qg6+ Ke5 26 Qe6#) 
({The only other hope was to head for the bad ending with:} 16 ..h6 17 Nxf6+ Qxf6 18 Qxf6 gxf6 19 Rxd6) 
17 Qh5 h6 18 f4 Bf6 19 Nd2 
({After the post mortem with Anand, Kramnik felt that after 19.Nd2 it is already a forced draw! The alternatives bare him out as the black position more than holds its own: }
19 c3 b5 (19 ..Bxd5 $6 20 exd5 Ne7 21 Nd2 exf4 22 gxf4 Ng6 23 Rdg1 Qe7 $1 24 Bd3 Qe3 25 Bxg6 Qxd2 26 Bc2 $1 {with a follow-up of Qf5, winning.}) 20 Nxf6+ Qxf6 21 Rxd6 Bg4 $1 22 Rxf6 Bxh5 23 Rxc6 Bxe2 {with the likely result being a draw.}) 
(19 Nxf6+ Qxf6 20 f5 Bxb3 21 axb3 Rfd8 {and black brings his king to safety on e7} )
19 ..Nd4 20 Bc4 
({with the idea to provoke b7-b5, so that the black queen cannot start a dangerous attack from square b6. Anand had underestimated the power of this move. The alternative, according to Kramnik, didn't offer much hope for him of winning:} 20 Bd3 Bxd5 21 exd5 Re8 22 Ne4 exf4 23 gxf4 Rxe4 $1 24 Bxe4 Qb6 25 c3 Nb5 {and black has a very dangerous attack brewing.} )
20 ..Rc8 
(20 ..b5 21 Bd3 {threatens to kick the knight with c2-c3.} 21 ..b4 22 f5 Bxd5 23 exd5 {and black is lost because he has no counterplay at the queenside, because the pawn at b4 blocks his attack} )
21 c3 Nb5 
{Now black has idea like exf4 and a sacrifice on c3, so white has to play: }
22 f5 Bxd5 
(22 ..Bd7 {would be suicide} )
23 Bxd5 
{If white now could consolidate, he would win; but he misses by one tempo! }
23 ..Rxc3 $3 
{An incredible do-or-die resource from Anand. Kramnik had expected it, but he also thought that a4 would win for him.}
24 Qg6 
({With the not-too-subtle idea of Rxh6 and mate on the next move. However, far from being flashy, it is the only move!}  24 bxc3 Nxc3+ 25 Kc2 Nxd5 26 exd5 Qb6 27 Nb3 Rc8+ 28 Kb1 Rc3 29 Qe2 e4 {and black might even win despite being a rook down!})
(24 a4 Na3+ 25 Ka2 Rd3 26 bxa3 {White has to stop the knight re-entering the game with lethal effect on b4, e3 or d4 after Nc2.} 26 ..Qc7 27 Nb1 Qc2+ 28 Ka1 Rxg3 29 Rc1 Qxa4 {with a very unclear and messy position arising.} )
24 ..Qb6 $1 
(24 ..Bg5 $2 {safe but bad} 25 f6 Qxf6 26 Qxf6 Bxf6 27 bxc3 Nxc3+ 28 Kc2 Nxd1 29 Rxd1 {and although the material balance is not so bad for black, white will surely win because of the powerful bishop at d5 and the fact that black does not have connected passed pawns.}) 
(24 ..Qc7 $2 25 Rxh6 Rc8 26 Bxf7+ Kf8 27 Rh8+ Ke7 28 Rxc8 Qxc8 29 Be6 Qe8 30 Qxe8+ Kxe8 31 bxc3 Nxc3+ 32 Kc2 Nxd1 33 Kxd1 $18 )
25 Rxh6 
(25 Bb3 $4 Rxb3)
(25 Nb3 Qf2 26 Rd2 Qf3 {with a threatened Nc7 looming.})
({According to Kramnik, the most critical move is:} 25 a4 Na3+ 26 Ka2 Rc2 $1 27 Nb3 Qf2 $1 (27 ..Nc4 $2 28 Rxh6 $1 Rxb2+ 29 Ka1 {and black soon gets mated.}) 28 Rxh6 Rxb2+ 29 Kxa3 Ra2+ 30 Kb4 {usually it is not a good sign if your king has to cross the whole board:} 30 ..Qb6+ 31 Kc4 (31 Kc3 Qe3+ {and the rook at h6 is lost}) 31 ..Qc7+ (31 ..Rc8+ $2 32 Kd3) 32 Kb4 a5+ 33 Kb5 Qd7+ 34 Kb6 Bd8+ 35 Ka7 b5+ 36 Ka6 Qc8+ 37 Bb7 (37 Kxb5 Qb8+ 38 Kc4 Qc7+ 39 Kb5 Qb6+ 40 Kc4 Qa6+ 41 Kc3 Qc8+ 42 Bc4 Rc2+ 43 Kxc2 Qxc4+ 44 Kb2 fxg6) 37 ..fxg6 38 Bxc8 gxh6 $19 
1/2-1/2

[Event "GMA"]
[Site "Wijk aan Zee NED"]
[Date "2004.01.22"]
[Round "10"]
[White "Van Wely,L"]
[Black "Bologan,V"]
[Result "0-1"]
[WhiteElo "2617"]
[BlackElo "2679"]
[EventDate "2004.01.10"]
[Annotator "Henderson"]

1 d4 Nf6 2 c4 e6 3 Nf3 b6 4 Nc3 Bb7 5 Bg5 Bb4 6 Qb3 c5 7 a3 Bxc3+ 8 Qxc3 h6 9 Bh4 g5 10 Bg3 Ne4 11 Qd3 Nxg3 12 hxg3 Qf6 13 dxc5 
(13 Rd1 g4 ( 13 ..Bxf3 14 gxf3 Qxd4 15 Qxd4 cxd4 16 Rxd4) 14 Nh2 h5) 
13 ..bxc5 14 O-O-O g4 15 Nh2 h5 16 Qd6 $2 
({This was not specific preparation for Van Wely in this game as Bologan usually plays the Queens Gambit. However, Van Wely did look at this variation a number of weeks ago, but alas today he couldn't remember the exact lines and here he goes wildly astray. } 16 f4 {This was what Van Wely had looked at weeks ago at home. Still, it is probably not [and certainly doesn't look] as good as he thought back then.} 16 ..Rg8 17 e3 ( 17 e4 Qg6 {and white has terrible weak squares.}) 17 ..a5 ( 17 ..Bc8 {Black would really like to put a knight on a5 and his rook on b8. This is an interesting way to defend d7.} 18 Qd2 Nc6 19 Bd3 Rb8 20 Rhe1 Qd8 21 Nf1 Na5 $41 $19) 18 Qc2 Nc6 19 Bd3 {which is certainly much better than the game.} )
16 ..Qg5+ 17 Rd2 Rg8 $1 
{With this, black avoids any tricks along the h-file involving Nxg4 }
18 f4 Qe7 19 Qe5 
({Any endgames with the exchange of queens are very favourable for black because white's knight is offside and the pawn on g2 is very weak.} 19 Qxe7+ Kxe7 20 e3 d6 21 Bd3 Nd7 {and black is clearly much better.} )
19 ..f5 20 Rd6 $4 
({A horrible blunder. Nobody in the press center had even the slightest idea what Van Wely was thinking here - and probably neither did he!} 20 e3 Nc6 21 Qc3 Qg7 22 Qxg7 Rxg7 23 Bd3 Ne7 24 Re1 Kf7 25 Nf1 {and white must fight for equality. Black has a superior bishop hitting g2 and if white plays e3-e4 he has to be careful because a black knight on f5 would be terrible.} )
20 ..Nc6 21 Qxc5 Na5 22 Qb4 Nxc4 23 Qxb7 Qxd6 24 Qxa8+ Ke7 25 Qb7 Rb8 
0-1

[Event "GMA"]
[Site "Wijk aan Zee NED"]
[Date "2004.01.22"]
[Round "10"]
[White "Akopian,Vl"]
[Black "Svidler,P"]
[Result "1-0"]
[WhiteElo "2693"]
[BlackElo "2747"]
[EventDate "2004.01.10"]
[Annotator "Henderson"]

1. e4 e5 2. Nf3 Nc6 3. Bb5 a6 4. Ba4 Nf6 5. O-O Be7 6. Re1 b5 7. Bb3 O-O 8.
a4 b4 9. d3 d6 10. a5 Be6 11. Nbd2 Qc8 12. Bc4 h6 13. h3 Re8 14. b3 Bf8 15.
Bb2 Qd7 16. Qe2 Bxc4 17. Nxc4 g6 18. Nh2 Bg7 19. Ng4 Nh7 20. Nge3 f5 21.
Nd5 f4 22. d4 Ng5 23. Qg4 Qf7 24. dxe5 dxe5 25. Rad1 Ne6 26. Rd3 Rab8 27.
Qd1 Red8 28. f3 Qf8 29. Kh1 Kh7 30. Rd2 Qc5 $2 
({The decisive blunder, according to Svidler. Both players were basically making passing moves and Svidler didn't realise that Akopian had 31 Qa1 available. Instead, something like: } 30 ..Ncd4 31 Qa1 Rb5 {would have kept the balance.} )
31 Qa1 $1 Ncd4 32 Bxd4 exd4 
(32 ..Nxd4 {may have been better.} )
33 Qd1 Rf8 34 Qe2 Rbe8 35 Qf1 Rf7 36 Ra1 
{With future ideas like Ra4 ganging up on the b-pawn.} 
36 ..d3 $6 
(36 ..c6 37 Ndb6 {with the idea of Nb2 (attacking a6)-d3 and suddenly black has pawn weaknesses to defend against.} )
37 Rxd3 c6 38 Nd6 $1 cxd5 
({Very strong - the knight infiltration decides the game.} 38 ..Bxa1 39 Qxa1 cxd5 40 Rxd5 Qxc2 41 Nxe8 {and the Nf6+ will prove decisive.} )
39 Rxd5 Qc3 40 Rad1 Ree7 41 Nxf7 Rxf7 42 Qxa6 Nd4 43 Qd3 Nxc2 44 Rc1 Rc7 45 Qxc3 Rxc3 46 a6 Ne3 47 Rxc3 bxc3 48 Rc5 
1-0

[Event "GMA"]
[Site "Wijk aan Zee NED"]
[Date "2004.01.22"]
[Round "10"]
[White "Topalov,V"]
[Black "Bareev,E"]
[Result "0-1"]
[WhiteElo "2735"]
[BlackElo "2714"]
[EventDate "2004.01.10"]
[Annotator "Henderson"]

1 e4 e6 2 d4 d5 3 Nc3 Bb4 4 e5 Ne7 5 a3 Bxc3+ 6 bxc3 c5 7 a4 
{A system pioneered in the early 1940s by Vassily Smyslov.}
7 ..Qc7 8 Nf3 h6 9 Bd3 b6 10 a5 
({Typically, Topalov aims to steer the game into wilder grounds with this adventurous pawn sacrifice. The alternative allows black to safely exchange his worst piece, the white-squared bishop with} 10 O-O Ba6 11 Bxa6 Nxa6 12 Qd3 Nb8) 
10 ..bxa5 11 O-O c4 $146 
({On the face of it, this novelty of keeping the white-squared bishop on the board now seems justified as from d7 it supports e6 and keeps the extra pawn, which soon becomes problematic for Topalov.} 11 ..Ba6 12 Ba3 Bxd3 13 cxd3 Nd7 14 dxc5 Nxc5 15 c4 dxc4 16 Rc1 Nb7 17 Rxc4 Qd7 18 Qc2
{1-0 McDonald,N-Shaked,T/London 1997/French Nc3 (47)} )
12 Be2 O-O 13 Re1 Nbc6 14 Bf1 f6 15 Ba3 fxe5 16 Bxe7 Qxe7 17 Nxe5 Nxe5 18 Rxe5 Qc7 19 g3 Bd7 20 Bh3 Rf6 21 Qc1 a4 $1 
{Basically the white attack has to crash through - if not, the pawn is a winner. }
22 Qa3 Rb8 23 f4 Rb6 24 Kf2 Qb8 $1 25 Rae1 Qf8 $1 
{A sure sign that white's game plan has gone wrong - the exchange of queens gives black a big advantage.} 
26 Qxf8+ 
({There's no alternative other than the exchange of queens:} 26 Qc1 g5 $1) 
26 ..Kxf8 
{The rest of the game is just a matter of technique.} 
27 Ke3 g5 28 Bg4 gxf4+ 29 gxf4 Rb2 30 f5 exf5 31 Bf3 Rxc2 32 Kf4 Rxc3 33 Bh5 Rh3 34 Rxd5 Rh4+ 35 Kg3 Rxh5 36 Rxd7 f4+ 37 Kg4 Rg5+ 38 Kf3 Rf7 39 Rd8+ Kg7 40 Rc8 Rb5 41 Rxc4 Rb3+ 42 Kf2 a3 43 Ra4 f3 44 Ra1 Rb2+ 45 Kg1 Rg2+ 46 Kh1 a2 47 Rg1 Kf8 48 Rxg2 f2 49 Rg1 f1Q 
0-1